000 00557nam a2200193Ia 4500
005 20250508152215.0
008 008 250505s9999 xx 000 0 eng d
037 _aTextual
040 _aFEDL
_beng
_cFEDL
041 _aeng
_2eng
084 _a808.8, JAM
_qFEDL
100 _aJames
245 0 _aVoices from the past: A classical anthology for the modern reader
260 _aLondon, UK
_bPhoenix House Ltd
_c1955
300 _a550p.
700 _a Todd Janet Maclean
_9761021
942 _cTEXL
_h808.8, JAM
999 _c1334961
_d1334961